MARC

LEADER 00000nam0a2200000 4500
001 366059
005 20231102011838.0
035 |a (RuTPU)RU\TPU\retro\23422 
090 |a 366059 
100 |a 20220128d1979 km y0rusy50 ca 
101 0 |a rus 
102 |a RU 
105 |a a z 001zy 
200 1 |a Неравновесные и нестационарные процессы в газодинамике однофазных и двуфазных сред  |f Г. А. Салтанов  |g Академия наук СССР ; под ред. А. Л. Стасенко 
210 |a Москва  |c Наука  |d 1979 
215 |a 287 с.  |c ил. 
320 |a Библиогр.: с. 268-279 
320 |a Предм. указ.: с. 280-284 
606 1 |a Газовая динамика  |x Теневые методы  |2 stltpush  |3 (RuTPU)RU\TPU\subj\4560  |9 32814 
610 1 |a неравновесные процессы 
610 1 |a нестационарные процессы 
610 1 |a однофазные среды 
610 1 |a двухфазные среды 
610 1 |a релаксирующие среды 
610 1 |a фазовые превращения 
610 1 |a трансзвуковые течения 
610 1 |a турбины 
610 1 |a решетки 
610 1 |a сжимаемые среды 
610 1 |a энергообмен 
675 |a 533.6  |v 4 
700 1 |a Салтанов  |b Г. А.  |g Геннадий Александрович 
702 1 |a Стасенко  |b А. Л.  |4 340 
712 0 2 |a Академия наук СССР  |c (Ленинград/Москва)  |c (1925-1991)  |2 stltpush  |3 (RuTPU)RU\TPU\col\722  |9 23473 
801 1 |a RU  |b 63413507  |c 20220128 
942 |c BK